Quiz o Kołobrzegu - Statystyki

Ogólne statystyki
  • Ten quiz został rozwiązany 67 razy
  • Średni wynik to 7 z 15
Statystyki odpowiedzi
Wskazówka Odpowiedź % Poprawnych
Województwo w jakim się znajduje Zachodniopomorskie
98%
Wiek w którym otrzymał prawa miejskie XIII
68%
Najbardziej znany klub piłkarski Kotwica Kołobrzeg
63%
Najdłuższa rzeka na terenie miasta Parsęta
60%
Kołobrzeg jest miastem z tym statusem ze względu na czynniki lecznicze oraz właściwości klimatyczne Uzdrowisko
60%
Nazwa miasta po niemiecku Kolberg
54%
W 1000 roku na zjeździe gnieźnieńskim została ustanowiona ta jednostka administracyjna kościoła katolickiego z siedzibą w Kołobrzegu Diecezja kołobrzeska
49%
Festiwal muzyczny odbywający się w mieście Sunrise festiwal
47%
Jeden z najbardziej rozpoznawalnych budynków w mieście,który podczas II wojny światowej był fortem broniącym port Latarnia morska
40%
Dawne lotnisko radzieckie znajdujące się w pobliżu miasta Lotnisko Kołobrzeg-Bagicz
37%
Dzielnica na której odbywa się powyższy festiwal Podczele
35%
Najstarszy kościół Katedra pw. NMP
33%
Obecny prezydent Kołobrzegu Anna Mieczkowska
30%
Już w średniowieczu Kołobrzeg był znany z pokładów tej wody zawierającej związki chlorku sodu Solanka
28%
Polski władca który doprowadził w XII wieku doponownego przyłączenia Pomorza zachodniego wraz z Kołobrzegiem do Polski Bolesław III Krzywousty
26%
Nie znaleziono quizów pasujących do podanych kryteriów
Rozkład punktacji
Procent ludzi z każdym wynikiem
Percentyl według liczby udzielonych odpowiedzi
Twoja historia wyników
Nie rozwiązałeś tego quizu